000 01420nam a2200445 i 4500
001 54738
003 KOSZ 005
005 20221124093529.0
008 070220s2006 pl f f |001 0 pol
015 _aPB 5781/2007
020 _a8301148209
020 _a9788301148201
040 _cWA N
_aWA N
_dKOSZ 005/HR
041 _apol
044 _aPOL
046 _k2006
080 _a338.48
080 _a(075.8)
245 0 0 _aObsługa ruchu turystycznego /
_cred. nauk. Beata Meyer ; [aut. Anna Dołowy et al.].
260 _aWarszawa :
_bWydawnictwo Naukowe PWN,
_c2006.
300 _a246, [1] s. ;
_c24 cm.
336 _2rdacontent
_aTekst
_btxt
337 _2rdamedia
_aBez urządzenia pośredniczącego
_bn
338 _2rdacarrier
_aWolumin
_bnc
380 _aKsiążki
388 _a1901-2000
388 _a1989-2000
490 1 _aTurystyka
504 _aBibliogr. s. 234-236 i przy rozdz. Indeks.
650 7 _aTurystyka
650 7 _aOrganizacja
655 _aPodręczniki akademickie
658 _aGospodarka, ekonomia, finanse
700 1 _aMeyer, Beata
_d(1963- )
_eRedakcja
700 1 _aDołowy, Anna
_eAutor
830 0 _aTurystyka - Wydawnictwo Naukowe PWN
856 _uhttp://koha.tu.koszalin.pl/cgi-bin/koha/opac-detail.pl?biblionumber=54738
_yKatalog online BPK
856 _uhttp://libra.ibuk.pl/reader/396
_yIBUK
942 _cKS
_2UKD
999 _c54738
_d54738